000 00579cam a22001932 4500
001 0000000404
005 20170406112600.0
008 131107s xx 000 0 eng d
020 _c$
040 _aYour Holding Symbol
_cYour Holding Symbol
100 1 _aBlanton, Brad.
245 1 0 _aRadical Honesty :
_bhow to transform your life by telling tje truth /
_cBrad Blanton.
250 _a ed.
260 _aVirginia :
_bsparrowhawk publications,
_c1984.
300 _a292 p. ;
_c cm.
591 _bdonation
650 0 _aradical honesty.
908 _a131107
999 _c336
_d336